Archaeology of early medieval and medieval and mediwal south asia: contesting narratives from the eastern Ganga Brahmputra basin (Record no. 1229481)

MARC details
000 -LEADER
fixed length control field 00786nam a2200217Ia 4500
005 - DATE AND TIME OF LATEST TRANSACTION
control field 20241129111228.0
008 - FIXED-LENGTH DATA ELEMENTS--GENERAL INFORMATION
fixed length control field 241129s9999||||xx |||||||||||||| ||und||
020 ## - INTERNATIONAL STANDARD BOOK NUMBER
International Standard Book Number 978-1-032-65662-5
037 ## - SOURCE OF ACQUISITION
Stock number TB
040 ## - CATALOGING SOURCE
Original cataloging agency CRL
Language of cataloging eng
Transcribing agency CRL
041 ## - LANGUAGE CODE
Language code of text/sound track or separate title eng
Source of code eng
084 ## - COLON CLASSIFICATION NUMBER
Classification number V49G:71.J R4
Assigning agency CRL
100 ## - MAIN ENTRY--PERSONAL NAME
Personal name Sen Swadhin Ed.; Varma Supriya Ed.; Sahu Bhairabi Prasad Ed.
9 (RLIN) 723733
245 #0 - TITLE STATEMENT
Title Archaeology of early medieval and medieval and mediwal south asia: contesting narratives from the eastern Ganga Brahmputra basin
Statement of responsibility, etc. Sen Swadhin Ed.; Varma Supriya Ed.; Sahu Bhairabi Prasad Ed.
260 ## - PUBLICATION, DISTRIBUTION, ETC.
Place of publication, distribution, etc. London, UK
Name of publisher, distributor, etc. Routledge
Date of publication, distribution, etc. 2024
300 ## - PHYSICAL DESCRIPTION
Extent xxxi,373p.
365 ## - TRADE PRICE
Price type code INR
Price amount 1595
650 ## - SUBJECT ADDED ENTRY--TOPICAL TERM
Topical term or geographic name entry element South Asian History
942 ## - ADDED ENTRY ELEMENTS (KOHA)
Koha item type Textbook
Classification part V49G:71.J R4
Holdings
Withdrawn status Lost status Damaged status Not for loan Home library Current library Date acquired Source of acquisition Cost, normal purchase price Inventory number Total Checkouts Full call number Barcode Date last seen Price effective from Koha item type
        Central Library Central Library 2024-11-29 Satyam Books Pvt. Ltd. 1595.00 209 & 15/12/2023   V49G:71.J R4 CL1680282 2024-11-29 2024-11-29 Textbook
Copyright @ Delhi University Library System